| 000 | 00611 a2200205 4500 | ||
|---|---|---|---|
| 020 | _a0-672-32453-9 | ||
| 040 |
_aDLC _bDLC |
||
| 082 | 0 | 4 | _a005.73 |
| 082 | 0 | 4 | _a005.133 |
| 100 | 1 | _aLafore, Robert | |
| 245 | 1 | 0 |
_aData structures and algorithms in Java _cRobert Lafore. |
| 250 | _a2. uppl. | ||
| 260 |
_aNewDelhi : _bWaite Group Press Techmedia, _c2002 |
||
| 300 |
_axix, 776 s. : _bill. |
||
| 500 | _aPrevious ed.: Corde Madera, Calif.: Waite, 1998. | ||
| 650 | 0 | _aJava (Computer program language) | |
| 650 | 0 | _aData structures (Computer science) | |
| 650 | 0 | _aAlgorithms. | |
| 942 |
_cBK _k005.73 LAF _2ddc |
||
| 999 |
_c6963 _d6963 |
||